<?xml version="1.0" encoding="UTF-8"?>
<record
    xmlns:xsi="http://www.w3.org/2001/XMLSchema-instance"
    xsi:schemaLocation="http://www.loc.gov/MARC21/slim http://www.loc.gov/standards/marcxml/schema/MARC21slim.xsd"
    xmlns="http://www.loc.gov/MARC21/slim">

  <leader>00527nam a22001217a 4500</leader>
  <datafield tag="999" ind1=" " ind2=" ">
    <subfield code="c">10036</subfield>
    <subfield code="d">10036</subfield>
  </datafield>
  <controlfield tag="003">OSt</controlfield>
  <controlfield tag="008">201218b           ||||| |||| 00| 0 eng d</controlfield>
  <datafield tag="245" ind1=" " ind2=" ">
    <subfield code="a">International Journal of Web Applications (IJWA)</subfield>
  </datafield>
  <datafield tag="250" ind1=" " ind2=" ">
    <subfield code="a">2016(Mar Vol.8 No.1, Sep Vol.8 No.3) 2015(Mar Vol.7 No.1, Jun Vol.7 No.2, Sep Vol.7 No.3, Dec Vol.7 No.4) 2017(Mar Vol.9 No.1, Jun Vol.9 No.2, Sep Vol.9 No.3, Dec Vol.9 No.4)</subfield>
  </datafield>
  <datafield tag="260" ind1=" " ind2=" ">
    <subfield code="a">Harrison Street, USA</subfield>
    <subfield code="b">Digital Information Research Foundation</subfield>
  </datafield>
  <datafield tag="650" ind1=" " ind2=" ">
    <subfield code="a">Computer Science Engineering</subfield>
  </datafield>
  <datafield tag="942" ind1=" " ind2=" ">
    <subfield code="2">ddc</subfield>
    <subfield code="c">BV</subfield>
  </datafield>
  <datafield tag="952" ind1=" " ind2=" ">
    <subfield code="0">0</subfield>
    <subfield code="1">0</subfield>
    <subfield code="2">ddc</subfield>
    <subfield code="3">Bound Volume</subfield>
    <subfield code="4">0</subfield>
    <subfield code="7">1</subfield>
    <subfield code="8">BTECHCSE</subfield>
    <subfield code="a">PIET</subfield>
    <subfield code="b">PIET</subfield>
    <subfield code="d">2020-12-19</subfield>
    <subfield code="e">Digital Information Research Foundation</subfield>
    <subfield code="h">2016(Mar Vol.8 No.1, Sep Vol.8 No.3) 2015(Mar Vol.7 No.1, Jun Vol.7 No.2, Sep Vol.7 No.3, Dec Vol.7 No.4) 2017(Mar Vol.9 No.1, Jun Vol.9 No.2, Sep Vol.9 No.3, Dec Vol.9 No.4)</subfield>
    <subfield code="l">0</subfield>
    <subfield code="p">BV774</subfield>
    <subfield code="r">2020-12-19 00:00:00</subfield>
    <subfield code="w">2015-01-09</subfield>
    <subfield code="y">BV</subfield>
  </datafield>
</record>
